Word Ladder: Mystery Movie Actor VI Quiz Stats

 Plays Quiz Updated Dec 12, 2018

Support Sporcle.
Go Orange.
Score 0/38 Timer 04:00
0 Plays Today
Clue 4-Letter Word % Correct
French saint: ___ of ArcJOAN
98.4%
1989 movie: '___ Who's Talking'LOOK
97.2%
Offer money, with interestLOAN
96.9%
★ 'New York, I ___ You' (2009) ★ ●LOVE●
95.4%
Castle piece in chessROOK
95.4%
Batman portrayer ChristianBALE
93.9%
Disney song: 'The ___ Necessities'BARE
93.9%
Bird on Canadian moneyLOON
92.8%
Garden tool used to pick up leavesRAKE
92.5%
1999 movie: ''Blast from the ____''PAST
92%
Dull personBORE
91.4%
2008's ''The Curious ____ of Benjamin Button''CASE
90.3%
Group of actors in a playCAST
90.1%
Traditional knowledgeLORE
89.8%
Liquid from the liverBILE
89.2%
Frame for holding pool ballsRACK
88.2%
1990 movie: ''The ____ for Red October''HUNT
88%
Wisecrack or gagJOKE
88%
1981 movie: ''The Gods ____ Be Crazy''MUST
87.9%
Clue 4-Letter Word % Correct
Component of a track meetRACE
87.8%
★ 'Brighton ____' (2011) ★ ●ROCK●
87.4%
Greatest quantity or number; majorityMOST
85.5%
Go bankrupt; burstBUST
83.8%
Annoying personPEST
83.8%
★'I Dreamt I ___ Up' (1991) ★ ●WOKE●
83.3%
In baseball, a light hitBUNT
83.1%
★ '___ Speed' (1986) ★ ●JAKE●
82%
Formed by interlacing threadsWOVE
81.8%
★ ''____ Souls'' (2000) ★ ●LOST●
76.9%
★ English actor: ___ [last rung] ★ ●●JOHN●●
75.8%
★ ''Krapp's ____ Tape'' (2000 TV) ★ ●LAST●
75.2%
★ ''Second ____'' (1994) ★ ●BEST●
73.6%
★ 'Wild ____' (1995) ★ ●BILL●
67%
1958 movie: '____, Book, and Candle'BELL
57.5%
Slug with your fistBELT
57.5%
★ [First rung] ____●●HURT●●
54.8%
Freedom from constraint, stiffness, formalityEASE
40.7%
★ ''____ of Elephant Rock'' (1977) ★ ●EAST●
40%

Today's Daily Dose

You're not logged in!

Compare scores with friends on all Sporcle quizzes.
OR
Log In
Forgot?

From the Vault

20 Terrible Animated Adaptations

by johnnytaken

Taking something popular and turning it into an animated show can have some very strange consequences.
Remove Ads.
Support Sporcle.
Get the best of Sporcle when you Go Orange. This ad-free experience offers more features, more stats, and more fun while also helping to support Sporcle. Thank you for becoming a member.

Show Comments

Extras

Top Quizzes Today


Score Distribution

Your Account Isn't Verified!

In order to create a playlist on Sporcle, you need to verify the email address you used during registration. Go to your Sporcle Settings to finish the process.

Report this User

Report this user for behavior that violates our Community Guidelines.

Details: